Statistiques concernant Devinez le Département Mystère #42

Cliquez ici pour prendre le quiz!

Statistiques générales

  • Ce quiz a été pris 133 fois
  • Le résultat moyen est 28 sur 32

Statistiques - réponses

Type de RéponseRéponse% Correct
Lettre TrouvéeE
100%
Lettre de l'AlphabetO
100%
Lettre TrouvéeR
100%
Lettre TrouvéeI
98%
Lettre de l'AlphabetN
98%
Lettre de l'AlphabetA
97%
Lettre de l'AlphabetL
95%
Lettre TrouvéeS
95%
Lettre de l'AlphabetM
94%
Lettre de l'AlphabetD
93%
Lettre Bien PlacéeE
93%
Lettre de l'AlphabetH
92%
Lettre de l'AlphabetT
92%
Lettre de l'AlphabetU
92%
Lettre de l'AlphabetV
91%
Lettre de l'AlphabetC
90%
Lettre de l'AlphabetY
87%
Lettre de l'AlphabetG
86%
Lettre de l'AlphabetB
85%
Lettre de l'AlphabetP
84%
Lettre Bien PlacéeR
81%
Lettre de l'AlphabetJ
77%
Lettre de l'AlphabetZ
77%
Lettre de l'AlphabetF
75%
Lettre de l'AlphabetQ
75%
Lettre Bien PlacéeI
73%
Lettre de l'AlphabetX
73%
Lettre Bien PlacéeÈ
72%
Département MystèreIsère
72%
Lettre de l'AlphabetK
72%
Lettre Bien PlacéeS
72%
Lettre de l'AlphabetW
72%

Distribution des résultats

Percentile par nombre de réponses

% des personnes avec chaque résultat

Votre développement - résultats

Vous n’avez pas pris ce quiz